Państwa nieuznawane - Statystyki

Ogólne statystyki
  • Ten quiz został rozwiązany 39 razy
  • Średni wynik to 4 z 7
Statystyki odpowiedzi
Podpowiedź Odpowiedź % Poprawnych
Tam jest wojna Palestyna
83%
W Maroko Sahara Zachodnia
80%
Cypr... Cypr Północny
74%
W Gruzji Abchazja
63%
Też Gruzja Osetia Południowa
54%
Był tam Lukas Wala Naddniestrze
49%
nwm Somaliland
46%
Nie znaleziono quizów pasujących do podanych kryteriów
Rozkład punktacji
Procent ludzi z każdym wynikiem
Percentyl według liczby udzielonych odpowiedzi
Twoja historia wyników
Nie rozwiązałeś tego quizu